| 000 | 01721cam a22003614a 4500 | ||
|---|---|---|---|
| 999 |
_c57591 _d57591 |
||
| 001 | 2631070 | ||
| 005 | 20200810130113.0 | ||
| 008 | 990507s2000 nyua b 001 0 eng | ||
| 010 | _a 99031911 | ||
| 020 | _a9780780353862 | ||
| 040 |
_aDLC _cDLC _dDLC |
||
| 042 | _apcc | ||
| 050 | 1 | 0 |
_aTK7882.S65 _bD44 2000 |
| 080 | _a621.382.2 D-34 | ||
| 082 | 0 | 0 | _221 |
| 100 | 1 |
_aDeller, John R. _99149 |
|
| 245 | 1 | 0 |
_aDiscrete-time processing of speech signals / _cJohn R. Deller, Jr., John H.L. Hansen, John G. Proakis. |
| 260 |
_aNew York : _bInstitute of Electrical and Electronics Engineers, _cc2000. |
||
| 300 |
_axxiv, 908 p. : _bill. ; _c24 cm. |
||
| 500 | _aOriginally published: New York : Macmillan, 1993. | ||
| 504 | _aIncludes bibliographical references (p. 851-897) and index. | ||
| 650 | 0 |
_aSpeech processing systems. _99150 |
|
| 650 | 0 |
_aDiscrete-time systems. _98496 |
|
| 653 | _aმეტყველების სიგნალების დისკრეტული დროით დამუშავება | ||
| 700 | 1 |
_aHansen, John H. L. _eავტორი _99151 |
|
| 700 | 1 |
_aProakis, John G. _eავტორი _99152 |
|
| 856 | 4 | 2 |
_3Contributor biographical information _uhttp://www.loc.gov/catdir/bios/wiley043/99031911.html |
| 856 | 4 | 2 |
_3Publisher description _uhttp://www.loc.gov/catdir/description/wiley036/99031911.html |
| 856 | 4 |
_3Table of Contents _uhttp://www.loc.gov/catdir/toc/onix07/99031911.html |
|
| 906 |
_a7 _bcbc _corignew _d1 _eocip _f19 _gy-gencatlg |
||
| 942 |
_2udc _cBK |
||
| 955 | _apc06 to ja00 05-07-99; jg02 to subj. 05-11-1999; jg12 05-13-99; jg07 05-14-99; bk rec'd, to CIP ver. ps09 10-26-99; CIP ver jg14 11-30-99; jg07 12-02-99; to BCCD 12-02-99 | ||